Central Library OPAC University of Rajshahi

Theory and the practice of education / (Record no. 37123)

MARC details
000 -LEADER
fixed length control field 00871nam a2200265 a 4500
001 - CONTROL NUMBER
control field 37123
003 - CONTROL NUMBER IDENTIFIER
rucl marc code BD-RjUL
005 - DATE AND TIME OF LATEST TRANSACTION
control field 20211209052559.0
008 - FIXED-LENGTH DATA ELEMENTS--GENERAL INFORMATION
fixed length control field 141019s1976 enk 000 0 eng
020 ## - INTERNATIONAL STANDARD BOOK NUMBER
International Standard Book Number 0435804103
-- 0435804138
035 ## - SYSTEM CONTROL NUMBER
System control number (BD-RjUL)37225
040 ## - CATALOGING SOURCE
Original cataloging agency DLC
Transcribing agency DLC
Modifying agency DLC
-- BD-RjUL
Language of cataloging eng
041 ## - LANGUAGE CODE
Language code of text/sound track or separate title eng
082 00 - DEWEY DECIMAL CLASSIFICATION NUMBER
Classification number 370.8
Author mark and year THE 1976
245 00 - TITLE STATEMENT
Title Theory and the practice of education /
Statement of responsibility, etc. edited by, Anthony Hartnett and Michaael Naish.
Number of part/section of a work Volume II
Name of part/section of a work Academic disciplines, educational policy and the education of teachers.
260 ## - PUBLICATION, DISTRIBUTION, ETC. (IMPRINT)
Place of publication, distribution, etc. London :
Name of publisher, distributor, etc. Heinemann Educational,
Date of publication, distribution, etc. 1976.
300 ## - PHYSICAL DESCRIPTION
Pagination xiv, 193 p.
Size 23 cm.
504 ## - BIBLIOGRAPHY, ETC. NOTE
Bibliography, etc Includes bibliographical reference .
650 #0 - SUBJECT ADDED ENTRY--TOPICAL TERM
Topical term or geographic name as entry element Education.
9 (RLIN) 113506
700 ## - ADDED ENTRY--PERSONAL NAME
Personal name Hartnet, Anthony
Personal name Naish, Michaael
942 ## - ADDED ENTRY ELEMENTS (KOHA)
Source of classification or shelving scheme Dewey Decimal Classification
Koha item type Books
Holdings
Lost status Source of classification or shelving scheme Damaged status Not for loan Collection code Permanent Location Current Location Shelving location Date acquired Source of acquisition Total Checkouts Full call number Date last seen Copy number Koha item type
  Dewey Decimal Classification   Not For Loan Non-fiction Institute of Biological Sciences (IBSc) Library Institute of Biological Sciences (IBSc) Library   19/10/2014 British council   370.8 THE 1976 19/10/2014 C-1 Books